[Event "Cto de Aragon  Equipos Cat Preferente"]
[Site "Aragon"]
[Date "2010.03.13"]
[Round "8.8"]
[White "Antoli Royo Joaquin Miguel"]
[Black "Betran Rabal Alberto"]
[Result "1-0"]
[WhiteElo "2334"]
[BlackElo "1959"]

1.e4 e5 2.Bc4 Nf6 3.d3 Nc6 4.Nc3 d6 5.f4 Be6 6.Bb5 Bd7 7.Nf3 Qe7 8.O-O a6 9.
Ba4 O-O-O 10.Rb1 Nd4 11.Bxd7+ Rxd7 12.Nxd4 exd4 13.Ne2 c5 14.c3 c4 15.dxc4
Qxe4 16.Ra1 dxc3 17.Nxc3 Qxc4 18.Be3 d5 19.Na4 Qe4 20.Re1 Bb4 21.Re2 Re7 22.a3
d4 23.Rc1+ Kb8 24.axb4 dxe3 25.Qd6+ Ka7 26.Nc5 Rc8 27.Ree1 Qxb4 28.Qxe7 Nd5
29.Qxb7+ Qxb7 30.Nxb7 Rxc1 31.Rxc1 Nxf4 32.Rc7 1-0

[Event "Cto de Aragon  Equipos Cat Preferente"]
[Site "Aragon"]
[Date "2010.03.13"]
[Round "8.9"]
[White "Guzman Moneo Alberto"]
[Black "Llorente Zaro Alfonso"]
[Result "0-1"]
[WhiteElo "2215"]
[BlackElo "2401"]

1.e4 d6 2.d4 Nf6 3.Nc3 Nbd7 4.Nf3 e5 5.Bc4 Be7 6.O-O O-O 7.Re1 c6 8.a4 a5 9.
Ba2 exd4 10.Nxd4 Nc5 11.Qf3 Re8 12.Nf5 Bxf5 13.Qxf5 Qd7 14.Qf3 Qg4 15.Qxg4
Nxg4 16.h3 Ne5 17.Be3 Ned7 18.Rad1 Rad8 19.Bd4 Kf8 20.f3 Bf6 21.Bxf6 Nxf6 22.
Bc4 Rd7 23.Kf2 Ng8 24.Rd4 Ne7 25.Red1 Nc8 26.b3 Rde7 27.g3 g6 28.h4 Kg7 29.Bf1
f5 30.exf5 gxf5 31.Ne2 Ne6 32.R4d2 Kf6 33.Nd4 Nxd4 34.Rxd4 d5 35.R4d2 Nb6 36.
Re2 Nd7 37.Rxe7 Rxe7 38.Rd4 Nc5 39.Bh3 h6 40.Rf4 Re5 41.Rd4 Ne6 42.Rd1 d4 43.
Bf1 Rc5 44.Rd2 b5 45.axb5 cxb5 46.Bd3 a4 47.bxa4 bxa4 48.Rd1 a3 49.Ra1 Rc3 50.
Ke2 Nc5 51.Ra2 Na4 52.Kd2 h5 53.Ra1 Nc5 54.Ra2 Ke6 55.Be2 Ke5 56.Ra1 Re3 57.
f4+ Kf6 58.Bxh5 Ne4+ 59.Kd1 Nxg3 60.Be8 Rxe8 61.Rxa3 Nh5 62.c3 dxc3 63.Rxc3
Nxf4 64.Rc6+ Re6 65.Rc8 Re4 66.Rf8+ Kg6 67.Rg8+ Kf7 68.Rg5 Kf6 69.Rg8 Nh5 70.
Rf8+ Kg6 71.Rg8+ Kf7 72.Rg5 Ng7 73.h5 Rg4 74.Rxg4 fxg4 0-1

[Event "Cto de Aragon  Equipos Cat Preferente"]
[Site "Aragon"]
[Date "2010.03.13"]
[Round "8.10"]
[White "Ramon Perez Jose Luis"]
[Black "Navarro Alonso Jorge Luis"]
[Result "1-0"]
[WhiteElo "2204"]
[BlackElo "2312"]

1.e4 c5 2.Nc3 d6 3.f4 g6 4.d4 cxd4 5.Qxd4 Nf6 6.e5 Nc6 7.Bb5 Nd7 8.Bxc6 bxc6
9.exd6 Nf6 10.Be3 Qxd6 11.Nf3 Bg7 12.Qxd6 exd6 13.O-O-O Ke7 14.Nd4 Bd7 15.Rhe1
Rhd8 16.f5 Kf8 17.Bf4 d5 18.fxg6 hxg6 19.h3 Re8 20.Nf3 Bf5 21.Nd4 Bd7 22.g4
Rxe1 23.Rxe1 Nxg4 24.Nxc6 Bxc6 25.hxg4 d4 26.Nd1 Rc8 27.Kd2 Ba4 28.b3 Bd7 29.
Nf2 Be6 30.g5 Kg8 31.Nd3 Rc6 32.Be5 Bf5 33.Bxg7 Kxg7 34.Re7 a6 35.Rxf7+ Kg8
36.Ra7 Re6 37.a4 Re3 38.Rxa6 Rg3 39.Rd6 Rg2+ 40.Kc1 Rxg5 41.Rxd4 Kf7 42.b4
Rg1+ 43.Kb2 g5 44.b5 g4 45.b6 g3 46.b7 g2 47.Ne5+ 1-0

[Event "Cto de Aragon  Equipos Cat Preferente"]
[Site "Aragon"]
[Date "2010.03.13"]
[Round "8.11"]
[White "Cerrajeria Ruiz Jesus Maria"]
[Black "Remiro Juste Fernando Jose"]
[Result "1-0"]
[WhiteElo "2100"]
[BlackElo "2306"]

1.Nf3 Nf6 2.c4 g6 3.Nc3 d5 4.cxd5 Nxd5 5.e4 Nxc3 6.bxc3 Bg7 7.Ba3 O-O 8.d4 Nd7
9.Bb5 c6 10.Ba4 Qa5 11.Bb4 Qc7 12.O-O Nf6 13.Re1 b6 14.Qd3 Bb7 15.Rab1 Rac8
16.g3 Ba8 17.e5 Ng4 18.h3 Nh6 19.Ba3 Rfd8 20.c4 Nf5 21.c5 Bf8 22.g4 Ng7 23.Ng5
e6 24.Ne4 Ne8 25.cxb6 axb6 26.Bxf8 Kxf8 27.Qe3 Kg7 28.Rec1 Qa7 29.Bb3 Qe7 30.
Rc4 b5 31.Rcc1 Rc7 32.Nc5 Ra7 33.Rd1 Nc7 34.Qd2 Qh4 35.Kg2 Na6 36.Rdc1 Nxc5
37.Rxc5 Rad7 38.Rd1 h5 39.f3 hxg4 40.fxg4 Qe7 41.Qf2 Bb7 42.h4 g5 43.h5 Kg8
44.Kg3 Rf8 45.Rd3 Qxc5 46.dxc5 Rxd3+ 47.Kg2 f6 48.Bxe6+ Kg7 49.h6+ Kxh6 50.Kf1
Kg7 51.Ke2 fxe5 52.Qh2 Rdf3 53.Qxe5+ Kh6 54.Qh2+ Kg7 55.Qc7+ R3f7 56.Qe5+ Kg6
57.Bxf7+ Rxf7 58.Qe6+ Kg7 59.Ke3 b4 60.Qe5+ Kg6 61.Qd6+ Kg7 62.Qd4+ Kg6 63.
Qe4+ Kg7 64.Qxb4 Bc8 65.Qd4+ Kg6 66.Qe4+ Kg7 67.Qxc6 Bxg4 68.a4 Rf6 69.Qd5 1-0

[Event "Cto de Aragon  Equipos Cat Preferente"]
[Site "Aragon"]
[Date "2010.03.13"]
[Round "8.12"]
[White "Valiente Gimenez Jose Luis"]
[Black "Matamoros Villarreal Antonio"]
[Result "0-1"]
[WhiteElo "2128"]
[BlackElo "1971"]

1.e4 e5 2.Nf3 d6 3.d4 Nf6 4.Nc3 Nbd7 5.Bc4 Be7 6.O-O O-O 7.a4 c6 8.a5 b5 9.
axb6 Nxb6 10.Be2 Qc7 11.h3 h6 12.b3 Bd7 13.Bb2 Rfe8 14.Bd3 exd4 15.Nxd4 d5 16.
exd5 Nbxd5 17.Nxd5 Nxd5 18.c4 Nf4 19.Bf5 Rad8 20.Qg4 Bf8 21.Rfe1 Rxe1+ 22.Rxe1
Nd3 23.Re2 Nxb2 24.Rxb2 Bxf5 25.Nxf5 Kh8 26.g3 Qa5 27.Kg2 Re8 28.Re2 Rxe2 29.
Qxe2 Qxf5 0-1

[Event "Cto de Aragon  Equipos Cat Preferente"]
[Site "Aragon"]
[Date "2010.03.13"]
[Round "8.13"]
[White "Baron Rodriguez Jesus"]
[Black "Villuendas Valero Adrian"]
[Result "1/2-1/2"]
[WhiteElo "2436"]
[BlackElo "2184"]

1.c4 c5 2.Nf3 Nf6 3.Nc3 Nc6 4.e3 e6 5.d4 d5 6.a3 dxc4 7.Bxc4 Be7 8.O-O O-O 9.
dxc5 Qxd1 10.Rxd1 Bxc5 11.b4 Be7 12.Nb5 a6 13.Nbd4 Nxd4 14.Nxd4 Bd7 15.Bb2
Rac8 16.Rac1 Rc7 17.Bb3 Rfc8 18.f3 Rxc1 19.Rxc1 Rxc1+ 20.Bxc1 Nd5 21.Kf2 Bf6
22.Bb2 Kf8 23.e4 Ne7 24.Ke3 Nc6 25.Bc3 Ke8 26.Bc4 Bg5+ 27.f4 Bxf4+ 28.Kxf4 e5+
29.Ke3 exd4+ 30.Bxd4 f6 31.Bg8 h6 32.Bd5 Nxd4 33.Kxd4 b6 34.Bc4 Bc8 35.e5
fxe5+ 36.Kxe5 Ke7 37.g3 Bb7 38.Bd5 Bc8 39.h4 Bg4 40.Bc4 Bc8 41.Bd3 Bb7 42.Be2
Bc8 43.a4 a5 44.bxa5 bxa5 45.Kd5 Bd7 46.Bd1 Kd8 47.Kd6 h5 48.Bc2 Be8 49.Ke6
Bd7+ 50.Kf7 Bg4 51.Kxg7 Ke7 52.Kg6 Ke6 53.Kg5 Ke7 54.Bg6 Bd1 55.Bxh5 Bxa4 56.
Bg6 Bb3 57.h5 a4 58.h6 Kf8 59.Kf6 Kg8 60.Bb1 a3 61.g4 a2 62.Bxa2 1/2-1/2

[Event "Cto de Aragon  Equipos Cat Preferente"]
[Site "Aragon"]
[Date "2010.03.13"]
[Round "8.14"]
[White "Cantin Zaborras Valentin"]
[Black "Baron Rodriguez Jorge"]
[Result "1/2-1/2"]
[WhiteElo "2117"]
[BlackElo "2308"]

1.e4 c5 2.Nf3 d6 3.c3 Nf6 4.Be2 g6 5.O-O Bg7 6.d3 O-O 7.Nbd2 Nc6 8.Re1 e5 9.a4
d5 10.Bf1 Re8 11.Qc2 h6 12.g3 b6 13.Bg2 Ba6 14.exd5 Nxd5 15.Nc4 Ndb4 16.cxb4
Nxb4 17.Qb3 Qxd3 18.Qxd3 Nxd3 19.Nd6 Re6 20.Nb5 Bxb5 21.axb5 e4 22.Rd1 Nxc1
23.Raxc1 exf3 24.Bxf3 Rae8 25.b3 Bb2 26.Rc2 Bd4 27.Kg2 R8e7 28.Rdd2 Re1 29.Re2
R7xe2 30.Rxe2 Rb1 31.Bd5 Kf8 32.h4 Rb2 1/2-1/2

[Event "Cto de Aragon  Equipos Cat Preferente"]
[Site "Aragon"]
[Date "2010.03.13"]
[Round "8.15"]
[White "Forcen Esteban Daniel"]
[Black "Valiente Roy Jose Javier"]
[Result "1-0"]
[WhiteElo "2267"]
[BlackElo "2060"]

1.e4 Nf6 2.Nc3 d5 3.exd5 Nxd5 4.Bc4 e6 5.Qf3 Nb4 6.Bb3 N8c6 7.Nge2 Na5 8.Ba4+
Bd7 9.a3 Nd5 10.Nxd5 Bxa4 11.Ne3 Bc6 12.Qg3 b6 13.b4 Nb7 14.Bb2 Nd6 15.d3 Qd7
16.O-O O-O-O 17.c4 Be7 18.f3 h5 19.Qf2 Rhg8 20.a4 g5 21.a5 Nf5 22.Nxf5 exf5
23.axb6 axb6 24.d4 Bxb4 25.Rfc1 Qe7 26.d5 Bb7 27.Kh1 Bc5 28.Bd4 Rde8 29.Bxc5
Qxc5 30.Qxc5 bxc5 31.Ng3 Rg6 32.Nxf5 Ra6 33.Ng3 Rxa1 34.Rxa1 Ba6 35.Ne4 Bxc4
36.Ra8+ 1-0

[Event "Cto de Aragon  Equipos Cat Preferente"]
[Site "Aragon"]
[Date "2010.03.13"]
[Round "8.16"]
[White "Pueyo Marina Gerardo"]
[Black "Antolin Concha Diego"]
[Result "0-1"]
[WhiteElo "1867"]
[BlackElo "2191"]

1.d4 Nf6 2.c4 e6 3.Nf3 d5 4.g3 dxc4 5.Bg2 a6 6.O-O Nc6 7.Nc3 Rb8 8.Bf4 Be7 9.
Qc1 b5 10.Ne5 Nxe5 11.Bxe5 Bb7 12.Bxb7 Rxb7 13.Qf4 O-O 14.Qf3 Qc8 15.Qc6 Nd7
16.Rfd1 Nb8 17.Qf3 c5 18.Ne4 cxd4 19.Rxd4 Nc6 20.Nf6+ Bxf6 21.Bxf6 Nxd4 22.
Bxd4 f6 23.h4 Rd7 24.Bc3 Qa8 25.Qe3 Qc6 26.Ba5 Re8 27.h5 h6 28.f3 Rd5 29.g4
Qc5 30.Kf2 Qxe3+ 31.Kxe3 Re7 32.Rc1 Red7 33.Rc2 f5 34.gxf5 Rxf5 35.b3 cxb3 36.
axb3 Rxh5 37.Rc6 Kf7 38.b4 Re5+ 0-1

[Event "Cto de Aragon  Equipos Cat Preferente"]
[Site "Aragon"]
[Date "2010.03.13"]
[Round "8.17"]
[White "Chueca Forcen Alberto"]
[Black "Gimeno Oteo Marco Antonio"]
[Result "0-1"]
[WhiteElo "2276"]
[BlackElo "2142"]

1.d4 Nf6 2.c4 g6 3.Nc3 Bg7 4.e4 d6 5.Nf3 O-O 6.h3 c5 7.d5 Na6 8.Bd3 Nc7 9.O-O
b6 10.Be3 e6 11.dxe6 Nxe6 12.Qd2 Bb7 13.Rad1 Nd7 14.Be2 Ne5 15.Qxd6 Nd4 16.
Qxd8 Nxe2+ 17.Nxe2 Rfxd8 18.Nd2 Nd3 19.b3 Nb4 20.a4 Nc2 21.Bf4 Rd3 22.f3 Rad8
23.Kf2 Bb2 24.a5 f6 25.h4 bxa5 26.Ng3 Be5 27.Bxe5 Rxd2+ 28.Rxd2 Rxd2+ 29.Kg1
fxe5 0-1

[Event "Cto de Aragon  Equipos Cat Preferente"]
[Site "Aragon"]
[Date "2010.03.13"]
[Round "8.18"]
[White "Gutierrez Minguenza Ruben"]
[Black "Melendez Fierro Juan Bautista"]
[Result "1/2-1/2"]
[WhiteElo "2063"]
[BlackElo "2241"]

1.d4 Nf6 2.c4 e6 3.Nf3 b6 4.g3 Ba6 5.b3 Bb4+ 6.Bd2 Be7 7.Nc3 d5 8.cxd5 exd5 9.
Bg2 O-O 10.O-O c6 11.Ne5 Nfd7 12.Nxd7 Nxd7 13.Re1 Nf6 14.Qc2 c5 15.dxc5 bxc5
16.Bg5 Rc8 17.Rad1 d4 18.Bxf6 Bxf6 19.Ne4 Be7 20.Nd2 Bxe2 21.Rb1 Bh5 22.Qd3
Bg6 23.Be4 Re8 1/2-1/2

[Event "Cto de Aragon  Equipos Cat Preferente"]
[Site "Aragon"]
[Date "2010.03.13"]
[Round "8.19"]
[White "Palacios Latasa Elias"]
[Black "Palomar Ramon Santiago"]
[Result "1-0"]
[WhiteElo "2205"]
[BlackElo "2042"]

1.e4 c5 2.Nc3 e6 3.Nf3 Nc6 4.Bb5 Nge7 5.O-O a6 6.Bxc6 Nxc6 7.d4 cxd4 8.Nxd4 d6
9.Nxc6 bxc6 10.Re1 Be7 11.Qg4 Kf8 12.Be3 e5 13.Qh5 Qd7 14.h3 Qe6 15.Rad1 Qg6
16.Qf3 h5 17.Na4 Rb8 18.c4 Be6 19.b3 f6 20.Bb6 Kf7 21.Bc7 Bg4 22.hxg4 hxg4 23.
Qf5 Qh6 24.Kf1 Qh1+ 25.Ke2 Qxg2 26.Rg1 Qf3+ 27.Qxf3 gxf3+ 28.Kxf3 Rh3+ 29.Rg3
Rxg3+ 30.Kxg3 Rb7 31.Bxd6 Rd7 32.c5 Ke6 33.Nb6 Rd8 34.Nc4 g6 35.Rh1 f5 36.
exf5+ gxf5 37.Rh6+ Bf6 38.Bxe5 Rg8+ 39.Kf3 1-0

[Event "Cto de Aragon  Equipos Cat Preferente"]
[Site "Aragon"]
[Date "2010.03.13"]
[Round "8.20"]
[White "Rubio Tello Abel"]
[Black "Hernando Garcia Antonio"]
[Result "0-1"]
[WhiteElo "1831"]
[BlackElo "2203"]

1.d4 d5 2.Nf3 Nf6 3.Bg5 e6 4.e3 Be7 5.Bd3 Nbd7 6.Nbd2 c5 7.c3 h6 8.Bf4 b6 9.
O-O Bb7 10.Ne5 cxd4 11.exd4 Nxe5 12.Bxe5 O-O 13.Qf3 Bd6 14.Rae1 Bxe5 15.Rxe5
Qc8 16.Rfe1 Rd8 17.g4 Nd7 18.Rh5 Nf8 19.g5 hxg5 20.Qh3 f6 21.Rh8+ Kf7 22.Qh5+
Ke7 23.Rg8 Kd6 24.Rxg7 Rd7 25.Rg8 Qe8 26.Qh8 Qf7 27.c4 Ng6 28.Bxg6 Rxg8 29.
Bxf7 Rxh8 30.Rxe6+ Kc7 31.Be8 Rd8 32.Bg6 dxc4 33.Nxc4 Bd5 34.Re7+ Rd7 35.Rxd7+
Kxd7 36.b3 Rh4 37.Bf5+ Kc6 38.h3 Bxc4 39.bxc4 Rxd4 40.Be6 Kc5 41.Kf1 Rd2 42.a4
Kb4 43.Ke1 Rb2 0-1

[Event "Cto de Aragon  Equipos Cat Preferente"]
[Site "Aragon"]
[Date "2010.03.13"]
[Round "8.21"]
[White "Lamas Mercadal Manuel"]
[Black "Gracia Campo Carlos Alberto"]
[Result "1-0"]
[WhiteElo "2211"]
[BlackElo "2095"]

1.e4 d6 2.d4 Nf6 3.Nc3 g6 4.Nf3 Bg7 5.Be3 O-O 6.Qd2 c6 7.Bd3 b5 8.Bh6 Nbd7 9.
a4 b4 10.Ne2 Qa5 11.Bxg7 Kxg7 12.O-O c5 13.e5 Nd5 14.Qg5 cxd4 15.Nexd4 Nxe5
16.Nxe5 dxe5 17.Qxe5+ f6 18.Qe4 e5 19.Nb3 Qd8 20.Rad1 Nc7 21.Qxb4 a5 22.Qe1
Qe8 23.Nxa5 Qxa4 24.Nc4 Rb8 25.f4 exf4 26.Rxf4 Nd5 27.Rf2 Re8 28.Re2 Bg4 29.
Ra1 Rxe2 30.Bxe2 Qxc2 31.Ra7+ Kf8 32.Qg3 Rd8 33.Qxg4 Qc1+ 34.Kf2 Re8 35.Qf3
Nf4 36.Ra8 Nd3+ 37.Qxd3 Rxa8 38.Qe3 Qc2 39.Qc5+ Kg7 40.Qe7+ Kg8 41.Qe6+ Kg7
42.b4 Qc3 43.Qe7+ Kg8 44.Ne3 Ra1 45.Bc4+ 1-0

[Event "Cto de Aragon  Equipos Cat Preferente"]
[Site "Aragon"]
[Date "2010.03.13"]
[Round "8.22"]
[White "Veras Sanz Martin Marino"]
[Black "Naya Sancho Jose Ignacio"]
[Result "0-1"]
[WhiteElo "2080"]
[BlackElo "2069"]

1.Nf3 g6 2.d4 Bg7 3.g3 Nf6 4.Bg2 O-O 5.O-O d6 6.c4 Nbd7 7.Nc3 e5 8.h3 exd4 9.
Nxd4 Re8 10.e4 c6 11.Rb1 Nc5 12.Re1 a5 13.b3 Nfd7 14.Be3 Qc7 15.Qc2 Nb6 16.
Rbd1 Bd7 17.Rd2 Rad8 18.Red1 a4 19.Kh2 axb3 20.axb3 Nc8 21.b4 Ne6 22.Nce2 Nxd4
23.Bxd4 f5 24.Bxg7 Kxg7 25.Nd4 fxe4 26.Bxe4 Re5 27.f4 Rh5 28.f5 gxf5 29.Nxf5+
Kg8 30.Rf2 Re8 31.Qc3 Re5 32.g4 Rg5 33.Rxd6 Rexf5 34.Bxf5 Qxd6+ 35.Kg2 Bxf5
36.Rxf5 Rxf5 37.gxf5 Ne7 38.Qf3 Qd2+ 39.Kh1 Qc1+ 40.Kh2 Qc2+ 41.Kh1 Qxf5 42.
Qg3+ Kf7 43.Qc7 Qxh3+ 44.Kg1 Qg4+ 45.Kf2 Qe4 46.Qxb7 Qc2+ 47.Kf3 Qxc4 48.Kf2
Kf6 49.Qb8 Qd4+ 50.Kg2 Qd5+ 51.Kf2 Qa2+ 52.Kf3 Qb3+ 53.Kf2 Qb2+ 54.Kf3 Qc3+
55.Kf2 Qd2+ 56.Kf3 Ng6 57.b5 Ne5+ 58.Kg3 Qe3+ 59.Kg2 Qf3+ 60.Kg1 Qg4+ 61.Kh1
Qh4+ 62.Kg2 Qg5+ 63.Kf2 Ng4+ 64.Kf3 Qf5+ 65.Kg2 Ne3+ 66.Kg1 Qf1+ 67.Kh2 Qg2#
0-1

[Event "Cto de Aragon  Equipos Cat Preferente"]
[Site "Aragon"]
[Date "2010.03.13"]
[Round "8.23"]
[White "Roche Simon Miguel Angel"]
[Black "Bayod Rubia Angel"]
[Result "1-0"]
[WhiteElo "2052"]
[BlackElo "2025"]

1.e4 e5 2.Nf3 Nf6 3.d4 Nxe4 4.Bd3 d5 5.Nxe5 Bd6 6.O-O O-O 7.c4 Bxe5 8.dxe5 Nc6
9.Nc3 Nxc3 10.bxc3 dxc4 11.Bxc4 Qxd1 12.Rxd1 Nxe5 13.Bb3 Be6 14.Bf4 Bxb3 15.
axb3 Rfe8 16.Bxe5 Rxe5 17.Rxa7 Rae8 18.Kf1 Rb5 19.b4 g6 20.Rd7 Rc8 21.g3 Kf8
22.Ra2 Rb6 23.Re2 Rd6 24.Rxd6 cxd6 25.Rc2 Ke7 26.Ke2 d5 27.Kd3 Kd6 28.Re2 Ra8
29.g4 Rc8 30.h3 Ra8 31.Re3 h6 32.h4 Rc8 33.g5 hxg5 34.hxg5 Rc6 35.Rf3 Rc7 36.
Rf6+ Ke7 37.Rb6 Kd8 38.Rb5 Re7 39.Rxd5+ Kc8 40.f4 b6 41.Rd6 Kc7 42.Rf6 Kb7 43.
Kc4 Rd7 44.b5 Kc7 45.Kb4 Kb7 46.c4 Kc7 47.Kc3 Kb7 48.c5 bxc5 49.Kc4 Rc7 50.f5
gxf5 51.Rxf5 Kb6 52.Rf6+ Kb7 53.Rd6 Re7 54.Kxc5 Re5+ 55.Rd5 Re7 56.Rf5 Kc8 57.
Rd5 Kc7 58.Kd4 Re1 59.Rf5 Re7 60.Re5 Rd7+ 61.Ke4 Kb6 62.Kf5 Rd6 63.Re7 Kxb5
64.Rxf7 Rd1 65.g6 Kc6 66.g7 Rf1+ 67.Kg6 Rg1+ 68.Kh7 Rh1+ 69.Kg8 Kd6 70.Kf8 Ra1
71.Rb7 Rf1+ 72.Rf7 1-0

[Event "Cto de Aragon  Equipos Cat Preferente"]
[Site "Aragon"]
[Date "2010.03.13"]
[Round "8.24"]
[White "Requena Munguira Jorge"]
[Black "Naya Sancho Juan Manuel"]
[Result "1-0"]
[WhiteElo "1900"]
[BlackElo "1863"]

1.d4 d6 2.c4 c6 3.Nc3 Nd7 4.e4 e5 5.d5 Ngf6 6.Be3 Be7 7.Bd3 O-O 8.h3 Qc7 9.
Nge2 Nc5 10.Bc2 a5 11.O-O Ne8 12.Ng3 Bh4 13.Qf3 Qd8 14.Rad1 Bxg3 15.Qxg3 f5
16.exf5 Qf6 17.f4 e4 18.dxc6 bxc6 19.Bxe4 Nxe4 20.Nxe4 Qxb2 21.Nxd6 Nxd6 22.
Rxd6 Qa3 23.f6 g6 24.f5 Re8 25.fxg6 Qxe3+ 26.Qxe3 1-0

[Event "Cto de Aragon  Equipos Cat Preferente"]
[Site "Aragon"]
[Date "2010.03.13"]
[Round "8.25"]
[White "Gil Capape MA"]
[Black "Gomez Anadon Daniel"]
[Result "0-1"]
[WhiteElo "2155"]
[BlackElo "2256"]

1.e4 c5 2.d4 cxd4 3.c3 d5 4.Qxd4 dxe4 5.Qxe4 Nf6 6.Bb5+ Nbd7 7.Qe2 a6 8.Ba4 e6
9.Nf3 b5 10.Bc2 Bb7 11.Bf4 Be7 12.O-O O-O 13.Nbd2 Nd5 14.Qd3 f5 15.Bg3 Nc5 16.
Qd4 Rc8 17.Be5 g5 18.h3 h5 19.g4 fxg4 20.hxg4 Nf4 21.Qe3 hxg4 22.Rad1 gxf3 23.
Kh2 Qe8 24.Rh1 Qh5+ 25.Kg3 Ne2+ 26.Qxe2 fxe2 27.Rxh5 exd1=Q 28.Rh8+ Kf7 29.
Rh7+ Ke8 30.Bxd1 Ne4+ 31.Nxe4 Bxe4 32.Bh5+ Kd8 33.Rh6 Kd7 34.Bg4 Bf5 35.Bf3
Bd6 36.Bxd6 Kxd6 37.Bb7 Rh8 38.Bxc8 Rxh6 39.Bxa6 Kc6 40.c4 Bd3 41.Bxb5+ Kc5
42.b3 Kb4 43.Kg4 Rf6 44.Kxg5 Rxf2 45.Bd7 e5 46.a4 e4 47.Bf5 Rxf5+ 0-1

[Event "Cto de Aragon  Equipos Cat Preferente"]
[Site "Aragon"]
[Date "2010.03.13"]
[Round "8.26"]
[White "Gimenez Martinez Alberto"]
[Black "Vera Aranjuelo Jesus Maria"]
[Result "1-0"]
[WhiteElo "2088"]
[BlackElo "2111"]

1.e4 c6 2.Nc3 d5 3.Nf3 Bg4 4.h3 Bxf3 5.Qxf3 e6 6.d4 dxe4 7.Qxe4 Nf6 8.Qd3 Be7
9.Bd2 Nbd7 10.O-O-O Qc7 11.g3 O-O-O 12.Bg2 Nb6 13.Qe2 Rxd4 14.Bf4 Qd8 15.Bxc6
1-0

[Event "Cto de Aragon  Equipos Cat Preferente"]
[Site "Aragon"]
[Date "2010.03.13"]
[Round "8.27"]
[White "Galvez Perez Jose Luis"]
[Black "Quintin Navarro Alberto"]
[Result "0-1"]
[WhiteElo "2005"]
[BlackElo "2047"]

1.e4 c5 2.Nc3 Nc6 3.Bb5 e6 4.Bxc6 bxc6 5.d3 Nf6 6.f4 d5 7.Qe2 Ba6 8.e5 d4 9.
exf6 dxc3 10.bxc3 Qxf6 11.Bd2 Bd6 12.Qe4 Rc8 13.Nf3 O-O 14.O-O c4 15.d4 c5 16.
Ne5 Qe7 17.Qe2 Rfd8 18.Be3 cxd4 19.Bxd4 Bc5 20.Rad1 Bxd4+ 21.cxd4 Qa3 22.Qf3
c3 23.Rfe1 Qa4 24.Qf2 Bb7 25.f5 exf5 26.Qxf5 Qxa2 27.Nf3 Bxf3 28.gxf3 g6 29.
Qd3 Qc4 30.Re7 a5 31.Qxc4 Rxc4 32.d5 Kg7 33.d6 a4 34.Ra7 h5 35.Kf2 g5 36.Rc7
Rxd6 37.Rxf7+ Kxf7 38.Rxd6 Rh4 39.Kg3 Rb4 40.Rc6 a3 41.Ra6 Rb2 42.Rxa3 Rxc2
43.Ra7+ Ke6 44.Rc7 Rc1 45.Rc5 Kd6 46.Rc8 Kd5 47.Kf2 Kd4 48.Rd8+ Kc4 49.Rg8 Kb3
50.Rxg5 c2 51.Rxh5 Rd1 52.Rc5 c1=Q 53.Rxc1 Rxc1 54.h4 Kc4 55.Kg3 Kd5 56.Kg4
Ke6 57.Kg5 Rg1+ 58.Kh6 Kf6 59.h5 Rh1 60.f4 Rh2 0-1

[Event "Cto de Aragon  Equipos Cat Preferente"]
[Site "Aragon"]
[Date "2010.03.13"]
[Round "8.28"]
[White "Arregui Untoria Carlos"]
[Black "Carraminana Lopez Luis Antonio"]
[Result "1-0"]
[WhiteElo "2039"]
[BlackElo "1986"]

1.d4 Nf6 2.c4 c5 3.d5 e5 4.Nc3 d6 5.e4 Be7 6.f3 Nh5 7.Nge2 Bg5 8.g3 O-O 9.Bxg5
Qxg5 10.Qc1 Qe7 11.Qe3 Na6 12.a3 Nc7 13.Nc1 f5 14.exf5 Bxf5 15.Ne4 Bxe4 16.
fxe4 Rf6 17.Be2 Qf7 18.Qg5 Rh6 19.Rf1 Nf6 20.Rf2 Qd7 21.Qe3 Ng4 22.Bxg4 Qxg4
23.a4 Rf8 24.Nd3 Na6 25.Kd2 Rxf2+ 26.Nxf2 Qh5 27.h3 Rf6 28.Ng4 Rf8 29.Rh1 Qf7
30.Ke2 Nb4 31.Rc1 Qh5 32.b3 Qxh3 33.Nf2 Qg2 34.g4 Rf4 35.g5 Qxg5 36.Qh3 h6 37.
Rc3 Qf6 38.Qg2 Qf7 39.Rg3 Nc2 40.Ng4 Nd4+ 41.Ke1 Nf3+ 42.Rxf3 Rxe4+ 43.Kd2
Rd4+ 44.Kc3 Qh5 45.Nf6+ 1-0

[Event "Cto de Aragon  Equipos Cat Preferente"]
[Site "Aragon"]
[Date "2010.03.13"]
[Round "8.29"]
[White "Hinojar Basa Alfonso"]
[Black "Malo Guillen Jose Luis"]
[Result "0-1"]
[WhiteElo "2223"]
[BlackElo "2162"]

1.e4 c5 2.Nc3 Nc6 3.f4 g6 4.Nf3 Bg7 5.a3 e6 6.b4 d6 7.bxc5 dxc5 8.e5 Nge7 9.
Ne4 O-O 10.Nxc5 Nd5 11.d4 f6 12.Nb3 fxe5 13.fxe5 b6 14.Bd3 Nf4 15.O-O Nxd3 16.
Qxd3 a5 17.Bg5 Qd7 18.Qe3 Ba6 19.Rfd1 Ne7 20.Bxe7 Qxe7 21.Nbd2 Rac8 22.Qb3 Bb7
23.c4 Rb8 24.Rab1 Bh6 25.Qd3 Bxd2 26.Nxd2 Rf4 27.g3 Rf5 28.Rxb6 Rbf8 29.Rf1
Rxf1+ 30.Nxf1 Qf7 31.Rb2 Be4 32.Qd1 Qf5 33.Ne3 Qg5 34.Qe1 Rf3 35.Nf1 Bd3 36.
Rf2 Rxf2 37.Qxf2 Bxc4 38.Ne3 Bb5 39.Qf4 Qe7 40.Ng4 Qxa3 41.Nf6+ Kg7 42.Ng4 Qe7
43.Qh6+ Kh8 44.Nf6 Qg7 45.Qc1 Qa7 46.Qc8+ Kg7 47.Qxe6 Qxd4+ 48.Kg2 Qd2+ 49.Kh3
Bf1+ 50.Kg4 h5+ 51.Kf3 Bg2# 0-1

[Event "Cto de Aragon  Equipos Cat Preferente"]
[Site "Aragon"]
[Date "2010.03.13"]
[Round "8.30"]
[White "Alonso Blasco Jose Miguel"]
[Black "Portero Garnica Miguel Angel"]
[Result "1-0"]
[WhiteElo "2114"]
[BlackElo "2169"]

1.e4 e5 2.Nf3 Nc6 3.Bb5 a6 4.Bxc6 dxc6 5.O-O f6 6.d4 exd4 7.Nxd4 c5 8.Nb3 Qxd1
9.Rxd1 Bg4 10.f3 Be6 11.Be3 b6 12.a4 Bf7 13.Nc3 Ne7 14.a5 c4 15.Nd4 Nc8 16.Nc6
Be7 17.axb6 cxb6 18.Nb5 axb5 19.Rxa8 Be6 20.Bxb6 Kf7 21.Nxe7 Kxe7 22.Bc5+ 1-0

[Event "Cto de Aragon  Equipos Cat Preferente"]
[Site "Aragon"]
[Date "2010.03.13"]
[Round "8.31"]
[White "Sebastian Bespin Ruben"]
[Black "Artal Alegria Francisco Javier"]
[Result "1-0"]
[WhiteElo "2106"]
[BlackElo "1954"]

1.e4 d5 2.exd5 Nf6 3.Bb5+ Bd7 4.Bc4 Bg4 5.f3 Bf5 6.Nc3 a6 7.a4 Nbd7 8.a5 Ne5
9.Bb3 e6 10.Qe2 Bd6 11.d4 Ng6 12.dxe6 Nf4 13.exf7+ Kf8 14.Qf2 c5 15.Bxf4 Bxf4
16.Nge2 Qe7 17.Ne4 Bxe4 18.fxe4 Bh6 19.e5 Ng4 20.Qf3 Ne3 21.dxc5 Rd8 22.c3
Qxe5 23.Ra4 Qg5 24.Rd4 Nxg2+ 25.Kf2 Rxd4 26.Nxd4 Nf4 27.Re1 Qh4+ 28.Kf1 g6 29.
Re8+ Kg7 30.Rg8+ Kf6 31.Rxh8 1-0

[Event "Cto de Aragon  Equipos Cat Preferente"]
[Site "Aragon"]
[Date "2010.03.13"]
[Round "8.32"]
[White "Querol Soro Sergio"]
[Black "Sancho Cortes Miguel Angel"]
[Result "0-1"]
[WhiteElo "1950"]
[BlackElo "2082"]

1.Nf3 d6 2.d4 f5 3.c4 Nf6 4.Nc3 c6 5.Qc2 g6 6.e4 fxe4 7.Nxe4 Bg7 8.Bd3 O-O 9.
Nxf6+ exf6 10.Be3 Na6 11.a3 Qa5+ 12.Bd2 Re8+ 13.Be2 Bf5 14.Qb3 Qb6 15.Qxb6
axb6 16.Be3 Nb4 17.Rc1 Nc2+ 18.Kd2 Nxe3 19.fxe3 Bh6 20.Rc3 Rxe3 21.Rxe3 Re8
22.Re1 Rxe3 23.Kd1 Rb3 24.c5 d5 0-1

[Event "Cto de Aragon  Equipos Cat Preferente"]
[Site "Aragon"]
[Date "2010.03.13"]
[Round "8.33"]
[White "Hernandez Delgado Gabriel"]
[Black "Gavin Roche Enrique"]
[Result "0-1"]
[WhiteElo "2004"]
[BlackElo "2261"]

1.Nf3 d5 2.g3 c6 3.Bg2 Bg4 4.O-O Nd7 5.d3 Ngf6 6.h3 Bh5 7.Qe1 e6 8.Nbd2 Bc5 9.
e4 dxe4 10.dxe4 O-O 11.Nb3 Bb6 12.Be3 e5 13.Nfd2 Bxe3 14.Qxe3 Nb6 15.a4 Qc7
16.a5 Nbd7 17.f3 Rfd8 18.g4 Bg6 19.Rfd1 Ne8 20.Bf1 h6 21.c4 b6 22.c5 b5 23.a6
Nf8 24.Be2 Ne6 25.Nf1 Qe7 26.Ng3 Nf6 27.Bf1 Kh7 28.Na5 Nd4 29.b4 Nc2 30.Rxd8
Qxd8 31.Nxc6 Nxe3 32.Nxd8 Nxf1 33.Kxf1 Rxd8 34.Ra5 Rb8 35.Ne2 Ng8 36.Nc3 Ne7
37.Rxb5 Rxb5 38.Nxb5 Nc6 39.Ke2 f6 40.Kd2 Nxb4 41.Nxa7 Nxa6 42.c6 Kg8 43.Kc3
Bf7 44.Nb5 Kf8 45.Nd6 Be6 46.h4 Ke7 47.Nb5 Nb8 48.c7 Na6 49.h5 Kd7 0-1

[Event "Cto de Aragon  Equipos Cat Preferente"]
[Site "Aragon"]
[Date "2010.03.13"]
[Round "8.34"]
[White "Lopez Guaita Fernando"]
[Black "De la Riva Fernandez Eduardo"]
[Result "1-0"]
[WhiteElo "1997"]
[BlackElo "2026"]

1.Nf3 Nf6 2.g3 d5 3.Bg2 c5 4.O-O Nc6 5.d3 e5 6.Nbd2 h6 7.e4 dxe4 8.dxe4 Bg4 9.
c3 Qc7 10.Qe2 Rd8 11.h3 Be6 12.Nh4 Be7 13.Nf5 O-O 14.Nxe7+ Nxe7 15.Re1 Qd7 16.
Kh2 Qd3 17.Bf1 Qxe2 18.Bxe2 Bd7 19.f3 Bc6 20.Nc4 Nd7 21.Na5 Nb8 22.Nxc6 Nbxc6
23.Be3 b6 24.f4 Rd6 25.f5 Rfd8 26.g4 g5 27.h4 f6 28.Kg3 Kg7 29.Rh1 Rh8 30.b3
Nd8 31.a3 Nf7 32.b4 cxb4 33.axb4 Nc6 34.Bb5 Rc8 35.h5 Nb8 36.Rxa7 Rxc3 37.Kf2
Nc6 38.Rb7 Rc2+ 39.Kg3 Rc3 40.Re1 Nd8 41.Ra7 Rb3 42.Kf3 Rxb4 43.Be2 Nc6 44.Rb7
Nd4+ 45.Kf2 Nxe2 46.Rxe2 b5 47.Bc5 Rdd4 48.Bxd4 exd4 49.Ra2 Ra4 50.Rxa4 bxa4
51.Ra7 a3 52.Rxa3 Ne5 53.Kg3 d3 54.Ra5 Kf7 55.Rxe5 fxe5 56.Kf3 Ke7 57.Ke3 d2
58.Kxd2 Kd6 59.Kd3 Kc5 60.Kc3 1-0

[Event "Cto de Aragon  Equipos Cat Preferente"]
[Site "Aragon"]
[Date "2010.03.13"]
[Round "8.35"]
[White "Correas Marcen Jose Maria"]
[Black "Ferrer Echavarri Francisco Javier"]
[Result "1/2-1/2"]
[WhiteElo "1989"]
[BlackElo "1972"]

1.Nf3 Nf6 2.g3 d5 3.Bg2 c5 4.O-O Nc6 5.d4 e6 6.c4 Be7 7.cxd5 Nxd5 8.dxc5 Bxc5
9.e4 Ndb4 10.Qxd8+ Kxd8 11.Rd1+ Ke7 12.Na3 Rd8 13.Rxd8 Nxd8 14.Nb5 Bd7 15.Nbd4
Ndc6 16.Nb3 Bb6 17.Ne1 Ne5 18.Bd2 Nbd3 19.Bc3 Nxf2 20.Bxe5 Nh3+ 21.Kh1 Nf2+
22.Kg1 Nh3+ 1/2-1/2